00685nam a2200169 a 450000100100000000500170001000800410002704000250006810000440009324501120013726000370024930000360028650400290032270000420035195201050039399900170049800003831520201002031228.0130408s1999 dr ac 000 0 spa d aDO-SdBNPbspacBNPHU1 aSimón Consuegra, José Miguel95148710aEducación sexual para la vida y el amor /cJosé Miguel Simón Consuegra, Margarita Hernández Tejada. aSanto Domingo :bSusaeta,c1999. a115 p. :bils., rets. ;c28 cm. aBibliografía : p. 115-1 aHernández Tejada, Margarita,950027 0010718PDaPDbPDcCTd2013-04-08iLF1l0o p38315-10r2020-06-25w2020-06-25yLFPDZNo se presta c37805d37805